| Поле | Инд. | ПП | Название | Значение |
|---|---|---|---|---|
| Тип записи | a | |||
| Библиографический уровень | b | |||
| 001 | Контрольный номер | RU/IS/BASE/386356539 | ||
| 005 | Дата корректировки | 20200522191518.8 | ||
| 008 | Кодируемые данные | 20120329 | ||
| 084 | a | Индекс другой классификации/Индекс ББК | 65.291.6-21; 65.291.2 | |
| 100 | 1_ | a | Автор | Гузева Е. |
| 245 | a | Заглавие | Формирование принципов развития организации в креативной среде | |
| 504 | a | Библиография | Библиогр. | |
| 520 | a | Аннотация | Рассматриваются вопросы инновационного развития организации, мотивации персонала в этих условиях и трансформация управленческих отношений. | |
| 650 | a | Основная рубрика | менеджмент (управление предприятием) | |
| a | Основная рубрика | персонал предприятия | ||
| a | Основная рубрика | управление персоналом (кадровый менеджмент) | ||
| a | Основная рубрика | экономика | ||
| a | Основная рубрика | экономика предприятия | ||
| 653 | a | Ключевые слова | инновационное развитие | |
| a | Ключевые слова | инновационное управление | ||
| a | Ключевые слова | интеллектуальный потенциал | ||
| a | Ключевые слова | конкурентоспособность персонала | ||
| a | Ключевые слова | конкурентоспособность предприятия | ||
| a | Ключевые слова | мотивация персонала | ||
| a | Ключевые слова | предпринимательство | ||
| a | Ключевые слова | развитие предприятия | ||
| a | Ключевые слова | рыночная экономика | ||
| a | Ключевые слова | творчество | ||
| a | Ключевые слова | управление знаниями (менеджмент знаний) | ||
| a | Ключевые слова | управленческие отношения | ||
| 773 | t | Заглавие источника | РИСК: ресурсы, информация, снабжение, конкуренция | |
| d | Дата издания источника | 2011 | ||
| g | Прочая информация | № 4. - С. 286 - 289 : табл., граф., схем. | ||
| w | Контрольный № источника | RU/IS/BASE/384345860 | ||
| 901 | t | Тип документа | b |